Effect of population density on some biological aspects and weight loss of callosobruchus maculatus (F.), reared on three leguminous seeds (Record no. 43148)
[ view plain ]
| 000 -LEADER | |
|---|---|
| fixed length control field | 01512cab a2200313Ia 45 0 |
| 001 - CONTROL NUMBER | |
| control field | u188259 |
| 003 - CONTROL NUMBER IDENTIFIER | |
| control field | SIRSI |
| 008 - FIXED-LENGTH DATA ELEMENTS--GENERAL INFORMATION | |
| fixed length control field | 101223s2006 ua ss b eng d |
| 040 ## - CATALOGING SOURCE | |
| Original cataloging agency | EAL |
| 041 ## - LANGUAGE CODE | |
| Language code of text/sound track or separate title | eng |
| Language code of summary or abstract | ara |
| 090 ## - LOCALLY ASSIGNED LC-TYPE CALL NUMBER (OCLC); LOCAL CALL NUMBER (RLIN) | |
| Classification number (OCLC) (R) ; Classification number, CALL (RLIN) (NR) | ART ZJAR V33 No5 7 |
| 100 1# - MAIN ENTRY--PERSONAL NAME | |
| Personal name | Metwaly, S.M., M.A. |
| 240 10 - UNIFORM TITLE | |
| Uniform title | Zagazig journal of agricultural research, 2006 v. 33 (5) |
| Medium | [electronic resource]. |
| 245 10 - TITLE STATEMENT | |
| Title | Effect of population density on some biological aspects and weight loss of callosobruchus maculatus (F.), reared on three leguminous seeds |
| Medium | [electronic resource]. |
| 246 15 - VARYING FORM OF TITLE | |
| Title proper/short title | تأثير الكثافة العددية على بعض النواحى البيولوجية والفقد فى الوزن الناتج عن خنفساء اللوبيا callosobruchus maculatus (F.) المرباه على ثلاثة بذور من البقوليات. |
| 300 ## - PHYSICAL DESCRIPTION | |
| Extent | p.941-952 |
| 504 ## - BIBLIOGRAPHY, ETC. NOTE | |
| Bibliography, etc. note | Includes references. |
| 520 ## - SUMMARY, ETC. | |
| Summary, etc. | The effect of four population densities, i.e., 1,2,4,8 pairs on some biological aspects of the cowpea seeds beetle, |
| 546 ## - LANGUAGE NOTE | |
| Language note | Summary in Arabic. |
| 596 ## - | |
| -- | 1 |
| 650 #0 - SUBJECT ADDED ENTRY--TOPICAL TERM | |
| Topical term or geographic name entry element | Fava bean |
| General subdivision | Diseases and pests |
| 650 #0 - SUBJECT ADDED ENTRY--TOPICAL TERM | |
| Topical term or geographic name entry element | Cowpea |
| General subdivision | Diseases and pests |
| 650 #0 - SUBJECT ADDED ENTRY--TOPICAL TERM | |
| Topical term or geographic name entry element | Lentils |
| General subdivision | Diseases and pests |
| 650 #0 - SUBJECT ADDED ENTRY--TOPICAL TERM | |
| Topical term or geographic name entry element | Callosobruchus |
| General subdivision | Biological control. |
| 700 1# - ADDED ENTRY--PERSONAL NAME | |
| Personal name | EI-Deeb, Zeinab A. |
| 700 1# - ADDED ENTRY--PERSONAL NAME | |
| Personal name | Abou El-Enien, Habeba M.O. |
| 773 0# - HOST ITEM ENTRY | |
| Title | Zagazig Journal of Agricultural Research. |
| Related parts | 2006.v.33(5) |
| International Standard Serial Number | 1110-0338 |
| Control subfield | nnas |
| Record control number | u158356 |
| 856 40 - ELECTRONIC LOCATION AND ACCESS | |
| Uniform Resource Identifier | <a href="http://nile.enal.sci.eg/EALE/2006/ZJAR/3306/5/941.pdf">http://nile.enal.sci.eg/EALE/2006/ZJAR/3306/5/941.pdf</a> |
| Public note | Full Text Article. |
| 942 ## - ADDED ENTRY ELEMENTS (KOHA) | |
| Koha item type | Articles |
| Source of classification or shelving scheme | Library of Congress Classification |
No items available.